Por un arte de la visión: Escritos esenciales.

Guardat en:
Dades bibliogràfiques
Autor principal: Brakhage, Stan (autor)
Format: Llibre
Idioma:espanyol
Publicat: Buenos Aires, Argentina: EDUNTREF, 2014.
Edició:1a. edición.
Matèries:
Etiquetes: Afegir etiqueta
Sense etiquetes, Sigues el primer a etiquetar aquest registre!

MARC

LEADER 00000cam a2200000 a 4500
001 UCD7270
003 CL-VaPUC
005 20240820123547.0
008 170317t20140000ag |||||||||||||||||spa|d
999 |c 367332  |d 367330 
020 |a 9789871889488x 
040 |c Pontificia Universidad Católica de Valparaíso 
082 0 7 |a 791 BRA 2014  |2 22 
100 0 |a Brakhage, Stan  |e autor  |9 591230 
245 1 0 |a Por un arte de la visión:   |b Escritos esenciales. 
250 |a 1a. edición. 
260 |a Buenos Aires, Argentina:  |b EDUNTREF,  |c 2014. 
300 |a 175 páginas. 
583 |a last modification  |c 20170317 22:16:00  |k Rodrigo Vera 
650 0 |a Artes visuales  |9 336870 
650 0 |a Crítica de cine   |9 267411 
650 0 |a Cine  |9 225706 
942 |c BK  |2 ddc 
945 |d 20170317 22:16:00  |a dcastane 
952 |0 0  |1 0  |3 erb  |4 0  |6 791_000000000000000_BRA_2014  |7 0  |8 A  |9 482161  |a BIBART  |b BIBART  |i 5366437  |o 791 BRA 2014  |p 5366437  |r 2025-03-13  |w 2019-11-24  |y BK  |z Catalogado en:20170317  |k ART